Graphical models in applied multivariate statistics /

Guardado en:
Autor Principal: Whittaker, J.
Formato: Libro
Idioma:English
Publicado: Chichester [England] : Wiley, c1990.
Series:Wiley series in probability and mathematical statistics. Probability and mathematical statistics
Materias:
Acceso en línea:Publisher description
Etiquetas: Agregar Etiqueta
Sin Etiquetas, Sea el primero en etiquetar este registro!
LEADER 01268cam a2200253 a 4500
001 MAT.inmabb004918
008 890816s1990####enka#####b####001#0#eng##
005 20130315145041.0
245 1 0 |a Graphical models in applied multivariate statistics /  |c Joe Whittaker. 
260 |a Chichester [England] :  |b Wiley,  |c c1990. 
300 |a xiv, 448 p. :  |b il. ;  |c 24 cm. 
440 0 |a Wiley series in probability and mathematical statistics.  |p Probability and mathematical statistics 
504 |a Incluye referencias bibliográficas (p. 426-435) e índices. 
505 0 |a Independence and interaction -- Independence graphs -- Information divergence -- The inverse variance -- Graphical Gaussian models -- Graphical log-linear models -- Model selection -- Methods for sparse tables -- Regression and graphical chain models -- Models for mixed variables -- Decompositions and decomposability. 
510 4 |a MR,  |c 93f:62002 
020 |a 0471917508 
100 1 |a Whittaker, J.  |q (Joe) 
650 0 |a Multivariate analysis. 
650 0 |a Graph theory. 
084 |a 62-02 (62H17 62J12)  |2 msc2000 
010 |a  89022679  
040 |a DLC  |c DLC  |d DLC 
856 4 2 |3 Publisher description  |u http://www.loc.gov/catdir/description/wiley037/89022679.html 
859 |h 62  |i W624  |p A-6661  |b BIB. MATEMATICA